Celebración de la festividad patronal de la Casa Provincial de Maternidad
Publicado:
San Jorge, núm. 98 - 99 (desembre 1976), pàg 82 - 83 :
MARC
| LEADER | 00000nam a2200000Ia 4500 | ||
|---|---|---|---|
| 008 | 160829s9999 xx 000 0 cat d | ||
| 245 | |a Celebración de la festividad patronal de la Casa Provincial de Maternidad | ||
| 260 | |a San Jorge, núm. 98 - 99 (desembre 1976), pàg 82 - 83 | ||
| 610 | 2 | 0 | |a Casa de Maternitat i Expòsits de Barcelona |9 52670 |
| 650 | |a Carme, Mare de Déu del |9 41071 | ||
| 650 | 0 | |a Sants patrons |9 41538 | |
| 901 | |a Arxiu | ||
| 942 | |n 1 |2 udc | ||
| 952 | |0 0 |1 0 |4 0 |7 1 |9 50027 |a Arxiu |b Arxiu |d 2016-12-01 |l 0 |r 2016-12-01 00:00:00 |w 2016-12-01 |y ARXIU | ||
| 999 | |c 53869 |d 53869 | ||